Effective verbal communication /

The power of the spoken word. Clarity of speech. Speaking and listening. Classroom talk. Teaching and learning. Motivation and class control. Speaking to adults.

Đã lưu trong:
Chi tiết về thư mục
Tác giả chính: Hayes, Denis, 1949-
Định dạng: Sách
Ngôn ngữ:English
Được phát hành: London : Hodder and Stoughton, 1998.
Những chủ đề:
Các nhãn: Thêm thẻ
Không có thẻ, Là người đầu tiên thẻ bản ghi này!
Thư viện lưu trữ: Mạng thư viện Đại học Đà Nẵng
LEADER 01056cam a2200361 i 4500
001 000049476
003 9225
005 20041027154734.0
008 010323b1998 vm 000 eng
020 |a 0340725419 
040 |a IRC  |c IRC  |d IRC 
041 0 |a eng 
082 1 4 |a 302.224024372  |b HA-D 
100 1 |a Hayes, Denis,  |d 1949- 
245 1 0 |a Effective verbal communication /  |c Denis Hayes. 
260 |a London :  |b Hodder and Stoughton,  |c 1998. 
300 |a 156 p. ;  |c 20 cm. 
520 3 |a The power of the spoken word. Clarity of speech. Speaking and listening. Classroom talk. Teaching and learning. Motivation and class control. Speaking to adults. 
630 0 4 |a Teaching. 
630 0 4 |a Oral communication. 
650 0 4 |a Teaching. 
650 0 4 |a Teacher effectiveness. 
650 0 4 |a Oral communication. 
OWN |a DUT 
999 |a From the UDN01 
TYP |a Monograph 
TYP |a Printed language 
980 |a Mạng thư viện Đại học Đà Nẵng